La política del desarrollo local: innovación institucional, participación y actores locales en dos cantones indígenas del Ecuador

En el contexto de la apertura externa empujada por la globalización económica y financiera y la apertura interna soportada por los procesos de descentralización en marcha se presenta el caso de Ecuador, específicamente de población indígena en lo relacionado con experiencias innovadoras de democrati...

Volledige beschrijving

Bewaard in:
Bibliografische gegevens
Hoofdauteur: Ramírez Gallegos, Franklin
Formaat: Texto
Taal:Spanish
Gepubliceerd in: Quito: Ciudad
Onderwerpen:
Tags: Voeg label toe
Geen labels, Wees de eerste die dit record labelt!

MARC

LEADER 00000 a a2200000 04500
001 35906
003 cru CIDCACS/IIS
005 20231004165626.0
008 170321b xxu||||| |||| 00| 0 spa d
040 |c cru CIDCACS/IIS  |a cru CIDCACS/IIS 
090 |a 04.03.03 R177p  
100 |a Ramírez Gallegos, Franklin  
245 |a La política del desarrollo local: innovación institucional, participación y actores locales en dos cantones indígenas del Ecuador  
260 |a Quito:   |b Ciudad  
300 |a 69 p.  
520 |a En el contexto de la apertura externa empujada por la globalización económica y financiera y la apertura interna soportada por los procesos de descentralización en marcha se presenta el caso de Ecuador, específicamente de población indígena en lo relacionado con experiencias innovadoras de democratización de los gobiernos locales a través de novedosos mecanismos de participación ciudadana  
650 |a PARTICIPACION SOCIAL  
650 |a GOBIERNO LOCAL  
650 |a GOBERNABILIDAD  
650 |a POBLACION INDIGENA  
650 |a ECUADOR  
942 |2 z  |c LI  |h 04.03.03 R177p   |i 03405  |6 040303_R177P_03405 
999 |c 16817  |d 16817